000 00805nam a2200265Ia 4500
003 OSt
005 20220912150448.0
006 a|||||r|||| 00| 0
007 ta
008 220909b |||||||| |||| 00| 0 eng d
020 _a1584881607 (hbd)
024 _a1332
037 _cTextbook
040 _aCSL
_beng
_cCSL
041 _aeng
082 _aB28MR, P3 TB28
100 _aWellek Stefan
245 0 _aTesting statistical hypotheses of equivalence
260 _aBoca
_bRaton Chapman and Hall/CRC
_c2003
300 _axv, 284p.
_ccm.
500 _aAppendix A-C, 249-265p; Bibliographical references 267-274p.
_ccm.; Indexes 275-284p.
_ccm.
650 _aStatistical Hypothesis Testing
942 _hB28MR, P3 TB28
_cTB
_2CC
999 _c47994
_d47994